00498 2200169 4500001002100000008004100021035002000062245009900082100002300181260003100204300002100235020002200256084001400278082000800292650001400300990001400314INLIS000000000000817 ind  a0010-0426000014 aIlmu Bumi Edisi Keempat Belas Jilid 1cEdward J. Tarbuck; Frederick K. Lutgens; Dennis G. Tasa aTarbuck, Edward J. aJakarta :bErlangga,c2018 a422 hlm.c30 cm. a978-602-434-434-4 a550 TAR i a550 aIlmu Bumi a000001526